| Tag |
First Indicator |
Second Indicator |
Subfields |
| LEADER |
00000cam a2200000 4500 |
| 001 |
in00000055160 |
| 005 |
20151008052158.0 |
| 008 |
721107s1939 cau 00000 eng u |
| 010 |
|
|
|a 40001127
|
| 035 |
|
|
|a (OCoLC)00487324
|
| 035 |
|
|
|9 AAH2079AM
|
| 040 |
|
|
|c KSU
|d TXA
|d UtOrBLW
|
| 049 |
|
|
|a TXAM
|c [86991]
|
| 050 |
0 |
0 |
|a VA55
|b .M3
|
| 092 |
|
|
|a 359.0973
|b M473y
|
| 100 |
1 |
|
|a Mayo, Claude Banks,
|d 1885-
|
| 245 |
1 |
0 |
|a Your navy ;
|b organizations, customs and traditions, strategy, tactics, the nine principles of war, and the place of the United States navy in national security /
|c by Captain Claude Banks Mayo.
|
| 264 |
|
1 |
|a Los Angeles, Calif. :
|b Parker & Baird company,
|c 1939.
|
| 300 |
|
|
|a viii, 372 pages ;
|c 24 cm.
|
| 336 |
|
|
|a text
|b txt
|2 rdacontent
|
| 337 |
|
|
|a unmediated
|b n
|2 rdamedia
|
| 338 |
|
|
|a volume
|b nc
|2 rdacarrier
|
| 650 |
|
0 |
|a Military art and science.
|
| 610 |
2 |
0 |
|a United States.
|b Navy.
|
| 999 |
|
|
|a MARS
|
| 999 |
f |
f |
|s d8ec17f6-5ba5-3030-8958-1434e71a99bb
|i c80953dd-1423-3a0b-bbf2-6bd103486ee7
|t 0
|
| 952 |
f |
f |
|p ric
|a Texas A&M University
|b Rellis Campus
|c Joint Library Facility
|d Remote Storage
|t 0
|e VA55 .M3
|h Library of Congress classification
|i unmediated -- volume
|m A14800807700
|
| 998 |
f |
f |
|a VA55 .M3
|t 0
|l Remote Storage
|